Staňte se špičkovým poradcem jak dosáhnout toho, aby druzí využili vašich zkušeností

Saved in:
Bibliographic Details
Main Author: Block, Peter
Other Authors: Klímová, Alena
Format: Book
Language:Czech
Published: Praha GRADA Publishing 2007
Series:Manažer
Subjects:
Tags: Add Tag
No Tags, Be the first to tag this record!

MARC

LEADER 00000nam$a2200000$$$4500
001 0062298
005 20240313133524.1
020 |a 978-80-247-1750-0 
041 0 |a cze 
044 |a CZ 
245 1 0 |a Staňte se špičkovým poradcem  |b jak dosáhnout toho, aby druzí využili vašich zkušeností  |c Peter Block ; překlad: Alena Klímová 
264 1 |a Praha  |b GRADA Publishing  |c 2007 
300 |a 347 s. 
490 1 |a Manažer 
830 0 |a Manažer 
610 2 0 |a poradcovia 
610 2 0 |a konzultanti 
610 2 0 |a klienti 
610 2 0 |a kontrakty 
610 2 0 |a služby poradenské 
610 2 0 |a vyjednávanie 
610 2 0 |a zber dát 
610 2 0 |a väzba spätná 
610 2 0 |a metodológia 
100 1 |a Block, Peter 
700 1 |a Klímová, Alena